A gaivota (Registo nº 4640)

Detalhes MARC
000 -Etiqueta do registo
Cabeçalho 00646nam0a2200217 4500
005 - Identificador da versão
Campo de controlo 20240905122652.0
021 ## - Número do Depósito Legal
Código do país PT
Número 61229/92
100 ## - Dados gerais de processamento
Dados gerais de processamento 20171212d1992 a y0pory5003 ba
101 0# - Língua de publicação
Língua do texto, banda sonora, etc. Português
102 ## - Pais de publicação ou produção
País de publicação Portugal
200 1# - Titulo e menção de responsabilidade
Título próprio A gaivota
Informação de outro título o Algarve visto por uma gaivota
Primeira menção de responsabilidade texto de Ana Maria Linha
Outras menções de responsabilidade il. de Maria Cobbers
210 ## - Publicação, Distribuição, etc. 
Lugar da edição, distribuição, etc. [Lagoa]
Nome do editor, distribuidor, etc. Tribuna do Algarve
Data da publicação, distribuição, etc. 1992
215 ## - Descrição física 
Indicação específica da natureza do documento e extensão da espécie 37, [4] p.
Outras indicações físicas il. color
606 ## - Nome comum usado como assunto
Número de registo de entrada de autoridade 0001335
Palavra de ordem Literatura portuguesa
Subdivisão de assunto Conto
Código do sistema CA
675 ## - Classificação Decimal Universal (CDU)
Notação 821.134.3-34
Edição 3ª ed.
Língua da edição por
700 #1 - Nome de autor-pessoa física (responsabilidade principal)
Número de registo de entrada de autoridade 0001999
Palavra de ordem Linha
Outra parte do nome não tomada para palavra de ordem Ana Maria
Datas 1957-
702 #1 - Nome de autor-pessoa física (responsabilidade secundária)
Número de registo de entrada de autoridade 0002000
Palavra de ordem Cobbers
Outra parte do nome não tomada para palavra de ordem Maria
Código de função Ilustrador / Técnico de desenho computorizado
942 ## - Elementos de entrada adicionados (Koha)
Tipo de item no Koha Livro
966 ## - Identificação da Biblioteca
Sigla EBVEN
Exemplares
Situação do levantamento Origin of item (home branch) (coded) Biblioteca de empréstimo Código de barras Cota Circulation type (not for loan) Tipo de documento Nota do exemplar Damaged status
  Biblioteca Escolar das Vendas Biblioteca Escolar das Vendas BEV328 8POR LIN   Livro Sem mensagem  
  Biblioteca Escolar das Vendas Biblioteca Escolar das Vendas BEV329 8POR LIN   Livro Sem mensagem